000 00514nam a2200181Ia 4500
005 20250326142751.0
008 250326s9999 xx 000 0 und d
037 _aTextbook
040 _aFMSL
_beng
_cFMSL
041 _aeng
_2eng
084 _aX:972 M3
_qFMSL
100 _aBaderschneider J A
_9746582
245 4 _aThe collective Bargaining Process
_cBaderschneider J A And Others
260 _aUSA
_bUSA, Business
_c1982
300 _a549p
942 _cTB
_hX:972 M3
999 _c1296554
_d1296554